Qui nel mondo reale /

Ware non vede l'ora di trascorrere l'estate perso nel suo mondo, a sognare di cavalieri medievali e, in generale, per i fatti suoi. Ma i genitori lo iscrivono all'odiato centro estivo, dove dovrà sopportare interazioni sociali significative e tutte le attività previste per i cosiddetti ragazzi norma...

ver descrição completa

Na minha lista:
Detalhes bibliográficos
Autor principal: Pennypacker, Sara
Outros Autores: Bonora, Paolo Maria (Translator), Klassen, Jon (Illustrator)
Formato: Livro
Idioma:Língua italiana
Publicado em: Milano : Rizzoli, 2020
Tags: Adicionar Tag
Sem tags, seja o primeiro a adicionar uma tag!

MARC

LEADER 00000nam a22000007i 4500
001 IT\ICCU\LO1\1804335
003 ItRI
005 20260115232051.0
008 201201s2020 it |||||| |||||1|||||c
020 |a 9788817149020 
040 |b ita  |c importazione bologna sebina 
041 7 |a ita  |2 ISO-639-2 
100 1 |a Pennypacker, Sara  |0 IT\ICCU\MODV\585696 
240 1 0 |a Here in the real world  |3 IT\ICCU\LO1\1804338  |9 Pennypacker, Sara 
245 1 0 |a Qui nel mondo reale /  |c Sara Pennypacker ; traduzione di Paolo Maria Bonora ; illustrazioni di Jon Klassen. 
260 |a Milano :  |b Rizzoli,  |c 2020 
300 |a 300 p. :  |b ill. ;  |c 22 cm 
520 |a Ware non vede l'ora di trascorrere l'estate perso nel suo mondo, a sognare di cavalieri medievali e, in generale, per i fatti suoi. Ma i genitori lo iscrivono all'odiato centro estivo, dove dovrà sopportare interazioni sociali significative e tutte le attività previste per i cosiddetti ragazzi normali. Quando scopre una chiesa in rovina poco distante, l'estate prende una piega decisamente più avvincente. In mezzo alle macerie incontra una ragazzina che coltiva papaye. Si chiama Jolene e non lo accoglie di certo a braccia aperte; prima cerca di cacciarlo, poi non smette di prenderlo in giro e dirgli che lui non vive nel mondo reale. Per quanto siano diversi, i due hanno però una cosa in comune: per loro quel posto diventa un rifugio. Un rifugio minacciato, purtroppo, che Ware è deciso a salvare seguendo le regole del codice cavalleresco. Ma com'è un eroe nella vita vera? E cosa possono fare due ragazzini da soli? Età di lettura: da 9 anni. 
700 1 |a Bonora, Paolo Maria  |0 IT\ICCU\LO1V\449386  |4 trl 
700 1 |a Klassen, Jon  |0 IT\ICCU\MODV\648380  |4 ill 
942 |2 ddc  |c BK  |n 0 
952 |0 0  |1 0  |4 0  |6 R_813_600000000000000_PEN  |7 0  |9 19462  |a BO  |b BO  |d 2026-01-15  |i 19334  |l 0  |o R 813.6 PEN  |p BO19334  |r 2026-01-15 23:20:51  |w 2026-01-15  |x [Sebina 5] [1 v.]  |y BK  |z 1 v. 
999 |c 16572  |d 16572